[Event "Balaguer op"]
[Site "?"]
[Date "2012.06.18"]
[Round "3"]
[White "Sole Pijuan, F."]
[Black "Puig Carres, J."]
[Result "0-1"]
[WhiteElo "1539"]
[BlackElo "1843"]
[PlyCount "72"]
[EventDate "2012.??.??"]
[EventType "swiss"]
[EventRounds "9"]

1. d4 d5 2. c4 e6 3. Nc3 a6 4. cxd5 exd5 5. Nf3 Nc6 6. Bf4 Nf6 7. e3 Be7 8. Be2
O-O 9. O-O Bg4 10. h3 Bh5 11. a3 h6 12. Qc2 Re8 13. Rfd1 Bg6 14. Bd3 Bxd3 15.
Qxd3 Na5 16. Ne5 Nb3 17. Rab1 c5 18. dxc5 Nxc5 19. Qd4 Ne6 20. Qd2 Nc7 21. Nf3
Ne4 22. Nxe4 dxe4 23. Qxd8 Bxd8 24. Nd4 Nd5 25. Bg3 Nb6 26. b3 Be7 27. a4 Rac8
28. Rbc1 Rxc1 29. Rxc1 Nd5 30. Nf5 Kh7 31. Nxe7 Rxe7 32. Kf1 Rd7 33. Rd1 Nxe3+
34. fxe3 Rxd1+ 35. Ke2 Rb1 36. b4 Rxb4 0-1

[Event "Balaguer op"]
[Site "?"]
[Date "2012.06.18"]
[Round "3"]
[White "Trepat Herranz, J."]
[Black "Codina Garcia, J."]
[Result "1/2-1/2"]
[WhiteElo "2299"]
[BlackElo "2124"]
[PlyCount "23"]
[EventDate "2012.??.??"]
[EventType "swiss"]
[EventRounds "9"]

1. e4 e5 2. Nf3 Nc6 3. Bb5 Bc5 4. O-O Nd4 5. Nxd4 Bxd4 6. c3 Bb6 7. d4 c6 8.
Ba4 d6 9. Be3 Nf6 10. f3 O-O 11. Bf2 Nh5 12. g3 1/2-1/2

[Event "Balaguer op"]
[Site "?"]
[Date "2012.06.18"]
[Round "3"]
[White "Valera Muñoz, A."]
[Black "Vladimirov Savov, T."]
[Result "0-1"]
[WhiteElo "1398"]
[BlackElo "1737"]
[PlyCount "119"]
[EventDate "2012.??.??"]
[EventType "swiss"]
[EventRounds "9"]

1. d4 d5 2. Bf4 e6 3. e3 Nf6 4. c4 c5 5. Nf3 Bd6 6. Bxd6 Qxd6 7. Qb3 Nc6 8.
cxd5 exd5 9. Bb5 O-O 10. Bxc6 bxc6 11. Nc3 Ba6 12. Na4 Rab8 13. Qc2 cxd4 14.
Nxd4 Qb4+ 15. Qc3 Ne4 16. Qxb4 Rxb4 17. b3 c5 18. Nc2 Rb5 19. O-O Ra5 20. Rfe1
c4 21. Nd4 Rc8 22. Rec1 Nc5 23. Nxc5 Raxc5 24. b4 R5c7 25. b5 Bb7 26. a4 c3 27.
Ra3 g6 28. Ne2 d4 29. Nxd4 Be4 30. Ne2 c2 31. Nd4 Rc3 32. Rxc3 Rxc3 33. Kf1 Ra3
34. Nxc2 Rc3 35. g3 Rxc2 36. Rxc2 Bxc2 37. a5 Bd3+ 38. Ke1 Bxb5 39. Kd2 Kf8 40.
Kc3 Ke7 41. Kd4 Kd6 42. h4 Be2 43. f4 f5 44. e4 fxe4 45. Kxe4 Bg4 46. Kd4 Bf5
47. Kc4 Kc6 48. Kd4 Kb5 49. a6 Kxa6 50. Kc5 h5 51. Kc6 Be4+ 52. Kc5 Kb7 53. Kd4
Bf5 54. Kc5 a6 55. Kb4 Kb6 56. Ka4 Be6 57. Kb4 a5+ 58. Ka4 Bd7+ 59. Ka3 Kc5 60.
Kb3 0-1

[Event "Balaguer op"]
[Site "?"]
[Date "2012.06.18"]
[Round "3"]
[White "Vera Balague, G."]
[Black "Llacuna Cufi, S."]
[Result "0-1"]
[WhiteElo "2031"]
[BlackElo "1986"]
[PlyCount "98"]
[EventDate "2012.??.??"]
[EventType "swiss"]
[EventRounds "9"]

1. e4 c5 2. Nc3 e6 3. f4 a6 4. Nf3 Nc6 5. d3 d5 6. g3 Nf6 7. e5 Ng4 8. h3 Nh6
9. Bg2 Nf5 10. Ne2 Bd7 11. c3 d4 12. Kf2 Be7 13. Rf1 Rc8 14. Bd2 b5 15. g4 Nh4
16. Nxh4 Bxh4+ 17. Kg1 Qb6 18. Kh2 f6 19. exf6 Bxf6 20. g5 Bd8 21. Ng3 O-O 22.
Be4 Ne7 23. cxd4 cxd4 24. Qb3 a5 25. Rac1 Bc7 26. Rf2 Kh8 27. Rcf1 Nf5 28. Nxf5
exf5 29. Bf3 Be6 30. Qa3 b4 31. Qa4 Rfd8 32. Re1 Bd7 33. Qb3 Qg6 34. Kg2 Bd6
35. h4 a4 36. Qd1 Qf7 37. b3 a3 38. h5 Bb5 39. Bc1 Qc7 40. Bd5 Re8 41. Rxe8+
Bxe8 42. Bc4 Bc6+ 43. Kg3 h6 44. gxh6 gxh6 45. Kh3 Qg7 46. Qe2 Re8 47. Qd1 Re1
48. Qxe1 Qg4+ 49. Kh2 Qh4+ 0-1

[Event "Balaguer op"]
[Site "?"]
[Date "2012.06.19"]
[Round "4"]
[White "Aranzana Areste, A."]
[Black "Vladimirov Savov, T."]
[Result "1-0"]
[WhiteElo "2023"]
[BlackElo "1737"]
[PlyCount "41"]
[EventDate "2012.??.??"]
[EventType "swiss"]
[EventRounds "9"]

1. e4 e5 2. Nf3 d6 3. d4 Be7 4. Bc4 Bg4 5. dxe5 dxe5 6. Bxf7+ Kxf7 7. Nxe5+ Ke8
8. Qxg4 Bf6 9. Nd3 Nc6 10. O-O Qd7 11. Qd1 Nge7 12. Nc3 Kf7 13. Re1 Ng6 14. f4
Bd4+ 15. Be3 Rhf8 16. Nd5 Kg8 17. Bxd4 Nxd4 18. Nc5 Qb5 19. Qxd4 Rad8 20. Ne6
Rd7 21. Nxf8 1-0

[Event "Balaguer op"]
[Site "?"]
[Date "2012.06.19"]
[Round "4"]
[White "Aroshidze, L."]
[Black "Gutierrez Martos, FE."]
[Result "1-0"]
[WhiteElo "2580"]
[BlackElo "2038"]
[PlyCount "93"]
[EventDate "2012.??.??"]
[EventType "swiss"]
[EventRounds "9"]

1. d3 c5 2. a3 g6 3. g3 Bg7 4. Bg2 Nc6 5. Nf3 d6 6. O-O Rb8 7. e4 Nh6 8. Nc3
O-O 9. h3 f5 10. Rb1 a5 11. a4 Nf7 12. Nb5 e5 13. c3 Qe7 14. Re1 g5 15. Nd2 f4
16. Nc4 Be6 17. Nb6 Qd8 18. Nd5 b6 19. Kh2 Rb7 20. Bd2 Nh8 21. Bf3 Rbf7 22. Bg4
fxg3+ 23. fxg3 Rf2+ 24. Kg1 Bxg4 25. hxg4 R2f3 26. Re3 Rf2 27. Qe1 R2f7 28. Re2
Rf3 29. Rg2 h6 30. Qe2 Ne7 31. Ne3 d5 32. exd5 Nxd5 33. Nf5 R3xf5 34. gxf5 Rxf5
35. Rf1 Rxf1+ 36. Qxf1 Nf6 37. Qf5 Nf7 38. Re2 Kf8 39. Be1 c4 40. dxc4 Qd1 41.
Kf1 Qxa4 42. Qc8+ Ne8 43. Rf2 Qd1 44. Nc7 Qd3+ 45. Kg2 Qe4+ 46. Kh2 Qc6 47.
Ne6+ 1-0

[Event "Balaguer op"]
[Site "?"]
[Date "2012.06.19"]
[Round "4"]
[White "Aryan, Ch"]
[Black "Trepat Herranz, J."]
[Result "1/2-1/2"]
[WhiteElo "1985"]
[BlackElo "2299"]
[PlyCount "45"]
[EventDate "2012.??.??"]
[EventType "swiss"]
[EventRounds "9"]

1. e4 c6 2. d4 d5 3. exd5 cxd5 4. c4 Nc6 5. Nc3 Nf6 6. Bg5 dxc4 7. Bxc4 h6 8.
Bh4 Qxd4 9. Qxd4 Nxd4 10. O-O-O e5 11. Bg3 Be7 12. Bxe5 Nc6 13. Bd6 O-O 14.
Bxe7 Nxe7 15. h3 a6 16. Nf3 b5 17. Rhe1 Ra7 18. Bd3 Rc7 19. Kb1 Bb7 20. Ne4
Nxe4 21. Bxe4 Bxe4+ 22. Rxe4 Rfc8 23. Rde1 1/2-1/2

[Event "Balaguer op"]
[Site "?"]
[Date "2012.06.19"]
[Round "4"]
[White "Bonet Verdu, M."]
[Black "Segues Pons, M."]
[Result "1-0"]
[WhiteElo "1811"]
[BlackElo "1778"]
[PlyCount "75"]
[EventDate "2012.??.??"]
[EventType "swiss"]
[EventRounds "9"]

1. c4 e5 2. Nc3 Nf6 3. Nf3 Nc6 4. g3 Bc5 5. e3 d6 6. Bg2 Bg4 7. d3 O-O 8. O-O
Qd7 9. Re1 Rfe8 10. Nd5 Nxd5 11. cxd5 Ne7 12. Qb3 Rab8 13. Bd2 Qf5 14. Nh4 Qf6
15. Bh1 g5 16. Ng2 Bf3 17. Qc2 Nxd5 18. a3 Qh6 19. b4 Bb6 20. h4 g4 21. e4 Qf6
22. Bg5 Qe6 23. exd5 Qxd5 24. Qc4 Re6 25. Qxd5 Bxd5 26. Be3 Rf6 27. Bxb6 axb6
28. Rf1 Bf3 29. d4 exd4 30. Nf4 Bxh1 31. Kxh1 c5 32. bxc5 bxc5 33. Rfe1 b5 34.
Kg2 c4 35. Re4 d3 36. Nd5 Rf3 37. Rxg4+ Kf8 38. Kxf3 1-0

[Event "Balaguer op"]
[Site "?"]
[Date "2012.06.19"]
[Round "4"]
[White "Burmakin, V."]
[Black "Del Rey Santos, D."]
[Result "1-0"]
[WhiteElo "2590"]
[BlackElo "2391"]
[PlyCount "69"]
[EventDate "2012.??.??"]
[EventType "swiss"]
[EventRounds "9"]

1. Nf3 d5 2. c4 d4 3. b4 Bg4 4. Qb3 Nc6 5. b5 Na5 6. Qa4 Bxf3 7. exf3 b6 8. d3
e5 9. g3 f5 10. Bg2 Nf6 11. O-O Bd6 12. Re1 O-O 13. c5 Bxc5 14. Rxe5 Qd6 15. f4
Rae8 16. Rxe8 Rxe8 17. Bd2 h5 18. Bxa5 bxa5 19. Nd2 Bb4 20. Nc4 Qc5 21. Rf1 Re1
22. Qb3 Rxf1+ 23. Kxf1 Kh7 24. Bf3 Bc3 25. Ne5 Qe7 26. Kg2 Ng4 27. Bxg4 hxg4
28. Qd5 a4 29. Qc6 Kg8 30. Qa8+ Kh7 31. Qc6 Kg8 32. Qd5+ Kh7 33. Nc6 Qe2 34.
Qxf5+ g6 35. Qf7+ 1-0

[Event "Balaguer op"]
[Site "?"]
[Date "2012.06.19"]
[Round "4"]
[White "Casas Torres, P."]
[Black "Foix Martinez, J."]
[Result "1-0"]
[WhiteElo "1611"]
[BlackElo "1671"]
[PlyCount "21"]
[EventDate "2012.??.??"]
[EventType "swiss"]
[EventRounds "9"]

1. e4 e5 2. Nf3 Nc6 3. Bb5 Nf6 4. O-O Bc5 5. d3 h6 6. Bxc6 dxc6 7. Nxe5 Qd4 8.
Nf3 Qd6 9. e5 Qe6 10. exf6 gxf6 11. Re1 1-0

[Event "Balaguer op"]
[Site "?"]
[Date "2012.06.19"]
[Round "4"]
[White "Codina Garcia, J."]
[Black "Obregon Rivero, JC."]
[Result "1/2-1/2"]
[WhiteElo "2124"]
[BlackElo "2485"]
[PlyCount "57"]
[EventDate "2012.??.??"]
[EventType "swiss"]
[EventRounds "9"]

1. d4 Nf6 2. Nf3 g6 3. g3 Bg7 4. Bg2 O-O 5. O-O d6 6. c4 Nbd7 7. Nc3 e5 8. e4
exd4 9. Nxd4 a6 10. h3 Rb8 11. Be3 Ne5 12. b3 Re8 13. Qc2 c5 14. Nde2 b5 15.
cxb5 axb5 16. Rad1 b4 17. Nd5 Nxd5 18. Rxd5 Qe7 19. Rfd1 Rb6 20. Nf4 Bb7 21.
R5d2 Nd7 22. Nd5 Bxd5 23. Rxd5 Bc3 24. a3 Qe6 25. axb4 Bxb4 26. Bf4 Ne5 27.
Bxe5 dxe5 28. Bf1 Kg7 29. Kg2 1/2-1/2

[Event "Balaguer op"]
[Site "?"]
[Date "2012.06.19"]
[Round "4"]
[White "Cori Tello, D."]
[Black "Boyard, M."]
[Result "1/2-1/2"]
[WhiteElo "2386"]
[BlackElo "2008"]
[PlyCount "29"]
[EventDate "2012.??.??"]
[EventType "swiss"]
[EventRounds "9"]

1. d4 Nf6 2. c4 e6 3. g3 d5 4. Nf3 Be7 5. Bg2 O-O 6. O-O dxc4 7. Qc2 a6 8. a4
Bd7 9. Qxc4 Bc6 10. Rd1 b5 11. Qc2 Be4 12. Qb3 Bd5 13. Qc2 Be4 14. Qb3 Bd5 15.
Qc2 1/2-1/2

[Event "Balaguer op"]
[Site "?"]
[Date "2012.06.19"]
[Round "4"]
[White "Cori Tello, J."]
[Black "Fernandez Cardoso, A."]
[Result "1-0"]
[WhiteElo "2479"]
[BlackElo "2427"]
[PlyCount "81"]
[EventDate "2012.??.??"]
[EventType "swiss"]
[EventRounds "9"]

1. d4 g6 2. c4 Bg7 3. g3 d6 4. Bg2 Nd7 5. Nc3 e5 6. e3 Ne7 7. Nge2 O-O 8. O-O
f5 9. f4 e4 10. g4 d5 11. gxf5 gxf5 12. b3 Nf6 13. Ba3 c6 14. cxd5 cxd5 15. Ng3
Rf7 16. Bxe7 Qxe7 17. Bh3 Kh8 18. Rc1 Be6 19. Bxf5 Rg8 20. Bxe6 Qxe6 21. Rc2
Bf8 22. Kh1 Ng4 23. Qc1 Nxh2 24. Kxh2 Rfg7 25. Nce2 Be7 26. Rg1 Bh4 27. Qf1 Rg6
28. f5 Rh6 29. Kg2 Qa6 30. Qf4 Bg5 31. Qf2 Qd3 32. Rc3 Qd2 33. Rgc1 Rc6 34.
R1c2 Qxc2 35. Rxc2 Rxc2 36. f6 Bh6 37. f7 Rf8 38. Nh5 Rc6 39. Neg3 Bg7 40. Qf5
Rc7 41. Nf6 1-0

[Event "Balaguer op"]
[Site "?"]
[Date "2012.06.19"]
[Round "4"]
[White "Cosialls Baz, D."]
[Black "Valera Muñoz, A."]
[Result "1-0"]
[WhiteElo "1643"]
[BlackElo "1398"]
[PlyCount "67"]
[EventDate "2012.??.??"]
[EventType "swiss"]
[EventRounds "9"]

1. e4 d6 2. d4 Nf6 3. Nc3 e5 4. dxe5 dxe5 5. Qxd8+ Kxd8 6. Bg5 Be7 7. Nf3 Nbd7
8. O-O-O c6 9. Nxe5 Ke8 10. Nc4 h6 11. Bf4 Nc5 12. f3 Ne6 13. Bd6 a5 14. Nb6
Bxd6 15. Nxa8 Bf4+ 16. Kb1 b5 17. g3 Bb8 18. Nb6 Bb7 19. f4 Ba7 20. e5 Ng4 21.
Rd7 Nd8 22. Ncd5 Bxb6 23. Nxb6 Ne3 24. Bh3 Nd5 25. Nxd5 cxd5 26. Rc7 Bc6 27.
Re1 Kf8 28. e6 fxe6 29. Bxe6 a4 30. Bd7 Bxd7 31. Rxd7 Nf7 32. Ree7 Ng5 33. fxg5
hxg5 34. Rd8+ 1-0

[Event "Balaguer op"]
[Site "?"]
[Date "2012.06.19"]
[Round "4"]
[White "Farre Selma, D."]
[Black "Sanchez Sanchez, M."]
[Result "1-0"]
[WhiteElo "1868"]
[BlackElo "1655"]
[PlyCount "61"]
[EventDate "2012.??.??"]
[EventType "swiss"]
[EventRounds "9"]

1. e4 e5 2. Nf3 Nc6 3. Nc3 Nf6 4. Bb5 Bc5 5. O-O d6 6. d4 exd4 7. Nxd4 Bxd4 8.
Bxc6+ bxc6 9. Qxd4 c5 10. Qd3 h6 11. Re1 O-O 12. Be3 Ng4 13. h3 Ne5 14. Qe2 Be6
15. b3 Qf6 16. Nb5 Qg6 17. f4 Qxe4 18. fxe5 Qxe5 19. Nxc7 Rad8 20. Nxe6 fxe6
21. Rf1 Qc3 22. Qd3 Qe5 23. Bd2 Rde8 24. Bc3 Qg5 25. a4 e5 26. Bd2 e4 27. Qe2
e3 28. Rxf8+ Kxf8 29. Re1 d5 30. Bxe3 Qe7 31. Qf3+ 1-0

[Event "Balaguer op"]
[Site "?"]
[Date "2012.06.19"]
[Round "4"]
[White "Fernandez Alvarez, J."]
[Black "Turuguet Lopez, JL."]
[Result "0-1"]
[WhiteElo "1371"]
[BlackElo "1932"]
[PlyCount "100"]
[EventDate "2012.??.??"]
[EventType "swiss"]
[EventRounds "9"]

1. f4 d5 2. e3 c5 3. c3 Nf6 4. Nf3 Nc6 5. Bb5 Bg4 6. d4 a6 7. Bxc6+ bxc6 8. O-O
e6 9. Qa4 Qc7 10. Ne5 Be2 11. Re1 Bb5 12. Qd1 a5 13. a4 Ba6 14. Nd2 cxd4 15.
cxd4 Bb4 16. b3 O-O 17. Ba3 Bxa3 18. Rxa3 Nd7 19. Ndf3 Nxe5 20. Nxe5 f6 21. Nd3
Bxd3 22. Qxd3 Qd6 23. Raa1 Rab8 24. Rab1 c5 25. g3 Rfc8 26. Rec1 c4 27. bxc4
Rxb1 28. Qxb1 dxc4 29. Rc3 Qb4 30. Qc2 f5 31. Kg2 h5 32. h4 Kf7 33. Kh2 Ke7 34.
Kg2 Kd6 35. Kg1 g6 36. Kh2 Rc6 37. Kg1 Rb6 38. Rxc4 Qb1+ 39. Qxb1 Rxb1+ 40. Kf2
Rb2+ 41. Kf3 Ra2 42. Rc8 Rxa4 43. Rg8 Rb4 44. Rxg6 Rb7 45. Rh6 a4 46. Rxh5 a3
47. Rh8 Ra7 48. Rc8 a2 49. Rc1 a1=Q 50. Rxa1 Rxa1 0-1

[Event "Balaguer op"]
[Site "?"]
[Date "2012.06.19"]
[Round "4"]
[White "Ferrer Font, J."]
[Black "Parramon Guillaumet, J."]
[Result "0-1"]
[WhiteElo "1804"]
[BlackElo "1873"]
[PlyCount "108"]
[EventDate "2012.??.??"]
[EventType "swiss"]
[EventRounds "9"]

1. e4 e6 2. d4 d5 3. Nc3 Nf6 4. e5 Nfd7 5. f4 c5 6. Be3 cxd4 7. Bxd4 Nc6 8. Be3
Bb4 9. Nf3 f6 10. exf6 Nxf6 11. a3 Bxc3+ 12. bxc3 Ne4 13. c4 O-O 14. Bd3 Nf6
15. O-O dxc4 16. Bxc4 Nd5 17. Bxd5 exd5 18. Nd4 Qf6 19. Nxc6 bxc6 20. Qd4 Bf5
21. Qxf6 Rxf6 22. Bd4 Rg6 23. c3 Be4 24. Ra2 a6 25. Rb2 Rc8 26. Rff2 c5 27. Be5
h5 28. Rb7 d4 29. Rd7 Bf5 30. Rb7 d3 31. Rd2 Be4 32. Rd7 h4 33. h3 c4 34. Ra7
Bf5 35. Kf2 Be4 36. Kg1 Rd8 37. Re7 Bc6 38. Rc7 Bxg2 39. Rxg7+ Rxg7 40. Bxg7
Bxh3 41. Be5 Kf7 42. Kf2 Rg8 43. Bd4 Rg2+ 44. Ke1 Rxd2 45. Kxd2 Bg2 46. Ke1 h3
47. Bg1 Kf6 48. Bh2 Kf5 49. Kd2 Kg4 50. Ke3 Kf5 51. Kd2 Ke4 52. a4 Bf3 53. a5
Bg4 54. f5 Bxf5 0-1

[Event "Balaguer op"]
[Site "?"]
[Date "2012.06.19"]
[Round "4"]
[White "Fumas Fontova, E."]
[Black "Amigo Vilalta, J."]
[Result "0-1"]
[WhiteElo "1707"]
[BlackElo "2242"]
[PlyCount "62"]
[EventDate "2012.??.??"]
[EventType "swiss"]
[EventRounds "9"]

1. e4 c5 2. Nf3 g6 3. d4 cxd4 4. Nxd4 Nc6 5. Be3 Bg7 6. Nc3 Nf6 7. f3 O-O 8.
Qd2 d5 9. exd5 Nxd5 10. Nxd5 Qxd5 11. Nxc6 bxc6 12. Qxd5 cxd5 13. Rb1 Rb8 14.
Bc1 Bc3+ 15. Kd1 e5 16. b3 Re8 17. Bd2 Bd4 18. Bd3 e4 19. Re1 Bf5 20. fxe4 dxe4
21. Be2 Bf2 22. Rf1 Red8 23. Kc1 Bc5 24. b4 Bd4 25. Bf4 Rbc8 26. Ba6 e3 27.
Bxc8 Rxc8 28. Rb3 Rxc2+ 29. Kd1 e2+ 30. Ke1 exf1=Q+ 31. Kxf1 Rf2+ 0-1

[Event "Balaguer op"]
[Site "?"]
[Date "2012.06.19"]
[Round "4"]
[White "Gensana Berzunces, J."]
[Black "Barbero Sendic, A."]
[Result "0-1"]
[WhiteElo "2001"]
[BlackElo "2370"]
[PlyCount "62"]
[EventDate "2012.??.??"]
[EventType "swiss"]
[EventRounds "9"]

1. d4 d5 2. c4 e6 3. Nc3 Be7 4. Bf4 Nf6 5. e3 O-O 6. Nf3 c5 7. Be2 dxc4 8. dxc5
Bxc5 9. O-O Qe7 10. Qc2 h6 11. Bxc4 a6 12. a3 b5 13. Bd3 Bb7 14. Ne4 Rc8 15.
Nxf6+ Qxf6 16. Be5 Qe7 17. Qe2 Nd7 18. Bc3 Nb6 19. e4 Na4 20. Be5 Bb6 21. Rac1
Nc5 22. Bc2 Nd7 23. Rcd1 Nxe5 24. Nxe5 Qc5 25. Nxf7 Qxc2 26. Nxh6+ Kh7 27. Qh5
Rc7 28. Ng4+ Kg8 29. Nf6+ gxf6 30. Qg6+ Rg7 31. Qxf6 Qxe4 0-1

[Event "Balaguer op"]
[Site "?"]
[Date "2012.06.19"]
[Round "4"]
[White "Gomez Ledo, RC."]
[Black "Ruiz Sanchez, O."]
[Result "1/2-1/2"]
[WhiteElo "2428"]
[BlackElo "2416"]
[PlyCount "35"]
[EventDate "2012.??.??"]
[EventType "swiss"]
[EventRounds "9"]

1. c4 c5 2. g3 Nc6 3. Nc3 g6 4. Bg2 Bg7 5. Nf3 e5 6. O-O Nge7 7. d3 d6 8. Rb1
O-O 9. a3 a5 10. Ne1 Be6 11. Nc2 d5 12. cxd5 Nxd5 13. Ne3 Nde7 14. Ne4 b6 15.
Ng5 Bd7 16. Ne4 Be6 17. Ng5 Bd7 18. Ne4 1/2-1/2

[Event "Balaguer op"]
[Site "?"]
[Date "2012.06.19"]
[Round "4"]
[White "Ivanov, Jo"]
[Black "Martinez Duany, LS."]
[Result "1/2-1/2"]
[WhiteElo "2367"]
[BlackElo "2474"]
[PlyCount "43"]
[EventDate "2012.??.??"]
[EventType "swiss"]
[EventRounds "9"]

1. d4 Nf6 2. c4 d6 3. Nf3 Nbd7 4. Nc3 e5 5. e4 g6 6. Be2 Bg7 7. O-O O-O 8. Qc2
Re8 9. Rd1 exd4 10. Nxd4 Nc5 11. f3 Nh5 12. Be3 Be5 13. Bf1 f5 14. exf5 Bxh2+
15. Kxh2 Rxe3 16. Qf2 Re5 17. b4 Na6 18. f4 Re8 19. fxg6 hxg6 20. a3 Nf6 21.
Be2 Bg4 22. Kg1 1/2-1/2

[Event "Balaguer op"]
[Site "?"]
[Date "2012.06.19"]
[Round "4"]
[White "Juan Bartroli, P."]
[Black "Ramiro Ovejero, JL."]
[Result "0-1"]
[WhiteElo "2000"]
[BlackElo "2349"]
[PlyCount "78"]
[EventDate "2012.??.??"]
[EventType "swiss"]
[EventRounds "9"]

1. d4 d5 2. c4 c6 3. Nf3 Nf6 4. Nc3 a6 5. e3 Bf5 6. cxd5 cxd5 7. Qb3 Nc6 8. Ne5
Na5 9. Qd1 b5 10. g4 Be6 11. Bg2 Qd6 12. Qf3 Rd8 13. Bd2 Nc6 14. g5 b4 15. gxf6
bxc3 16. Bxc3 exf6 17. Nd3 Qd7 18. Nf4 Ne7 19. Qe2 Ng6 20. Nxg6 hxg6 21. Qxa6
Bd6 22. Bf1 O-O 23. Qb5 Qe7 24. Bg2 f5 25. Qe2 f4 26. Bd2 fxe3 27. fxe3 Qb7 28.
Bc3 Bd7 29. Qf3 Bb5 30. Kd2 Be7 31. h4 Rd6 32. h5 Rf6 33. Qg3 Bd6 34. Qh4 g5
35. Qxg5 Rf2+ 36. Ke1 Re2+ 37. Kd1 Qa6 38. Bf3 Ba4+ 39. Kc1 Qd3 0-1

[Event "Balaguer op"]
[Site "?"]
[Date "2012.06.19"]
[Round "4"]
[White "Marti Trilla, A."]
[Black "Sole Pijuan, F."]
[Result "1/2-1/2"]
[WhiteElo "1378"]
[BlackElo "1539"]
[PlyCount "87"]
[EventDate "2012.??.??"]
[EventType "swiss"]
[EventRounds "9"]

1. e4 e5 2. Nf3 Nc6 3. Bc4 Bc5 4. c3 Nf6 5. d3 d6 6. h3 h6 7. O-O O-O 8. Re1
Re8 9. Nbd2 Qe7 10. Nf1 Be6 11. Bb3 Rad8 12. Ng3 Qd7 13. Be3 Bxe3 14. Rxe3 b6
15. d4 Bxb3 16. axb3 exd4 17. Nxd4 d5 18. Nxc6 Qxc6 19. exd5 Rxd5 20. Rxe8+
Qxe8 21. Qe2 Qxe2 22. Nxe2 a5 23. Nd4 c5 24. Nf3 Rd8 25. Re1 Re8 26. Rxe8+ Nxe8
27. Ne5 Nd6 28. Nd7 Nc8 29. Ne5 f6 30. Nc4 Kf7 31. Kf1 Ke6 32. Ke2 g5 33. Ke3
f5 34. f4 Kd5 35. g4 Ke6 36. fxg5 hxg5 37. gxf5+ Kxf5 38. Kf3 Kg6 39. Ke4 Kh5
40. Kf3 Kh4 41. Kg2 g4 42. hxg4 Kxg4 43. Kf2 Kf4 44. Ke2 1/2-1/2

[Event "Balaguer op"]
[Site "?"]
[Date "2012.06.19"]
[Round "4"]
[White "Martinez Lopez, I."]
[Black "Janev, E."]
[Result "0-1"]
[WhiteElo "2302"]
[BlackElo "2453"]
[PlyCount "78"]
[EventDate "2012.??.??"]
[EventType "swiss"]
[EventRounds "9"]

1. c4 Nf6 2. g3 g6 3. Bg2 Bg7 4. Nc3 d6 5. Nf3 O-O 6. O-O c6 7. h3 e5 8. e4
Nbd7 9. d3 a6 10. Bg5 b5 11. Qd2 Nc5 12. b4 Ne6 13. Be3 Bb7 14. Ng5 Nd4 15. f4
bxc4 16. dxc4 a5 17. Bxd4 exd4 18. Ne2 h6 19. Nf3 Nxe4 20. Qd3 c5 21. b5 Re8
22. Rae1 f5 23. g4 Qf6 24. Kh2 Re7 25. g5 hxg5 26. Nxg5 Rae8 27. h4 d5 28. Ng1
Qd6 29. cxd5 Bxd5 30. Qa3 Nxg5 31. Rxe7 Rxe7 32. Bxd5+ Qxd5 33. hxg5 d3 34.
Qxa5 c4 35. Qb4 Bf8 36. Qb2 d2 37. Rd1 Rh7+ 38. Kg3 Qd3+ 39. Nf3 Rh3+ 0-1

[Event "Balaguer op"]
[Site "?"]
[Date "2012.06.19"]
[Round "4"]
[White "Mellado Triviño, J."]
[Black "Guerra Mendez, JA."]
[Result "1/2-1/2"]
[WhiteElo "2444"]
[BlackElo "2428"]
[PlyCount "33"]
[EventDate "2012.??.??"]
[EventType "swiss"]
[EventRounds "9"]

1. e4 e5 2. Nf3 Nc6 3. Bc4 Bc5 4. O-O Nf6 5. d4 Bxd4 6. Nxd4 Nxd4 7. f4 d6 8.
fxe5 dxe5 9. Bg5 Be6 10. Na3 Qe7 11. c3 Bxc4 12. Bxf6 gxf6 13. Nxc4 Ne6 14. b4
Ng5 15. Ne3 Qd6 16. Qxd6 cxd6 17. Nd5 1/2-1/2

[Event "Balaguer op"]
[Site "?"]
[Date "2012.06.19"]
[Round "4"]
[White "Moline Escartin, X."]
[Black "Solsona Manonelles, J."]
[Result "0-1"]
[WhiteElo "1877"]
[BlackElo "1701"]
[PlyCount "88"]
[EventDate "2012.??.??"]
[EventType "swiss"]
[EventRounds "9"]

1. e4 e6 2. d4 d5 3. e5 c5 4. c3 Nc6 5. Nf3 Qc7 6. Bd3 cxd4 7. cxd4 Bb4+ 8. Nc3
Bd7 9. O-O Nge7 10. Nb5 Qb8 11. a3 a6 12. axb4 axb5 13. Rxa8 Qxa8 14. Bxb5 Nxb4
15. Bxd7+ Kxd7 16. Bd2 Nec6 17. Bc3 h6 18. Qd2 Qa4 19. Ne1 Rc8 20. Nd3 Nxd3 21.
Qxd3 g6 22. f4 Ne7 23. g4 Rc4 24. Qh3 Ng8 25. f5 g5 26. fxe6+ Kxe6 27. Qf3 Qe8
28. Qf5+ Ke7 29. Qf3 Ke6 30. Re1 Qc6 31. Qf5+ Ke7 32. Rf1 Qe6 33. Qf3 b5 34.
Ra1 b4 35. Ra7+ Kf8 36. Ra8+ Kg7 37. Be1 Rxd4 38. Bg3 Qxg4 39. Qf2 Qd1+ 40. Qf1
Qxf1+ 41. Kxf1 Re4 42. Rd8 Ne7 43. Rd7 Nf5 44. e6 Rxe6 0-1

[Event "Balaguer op"]
[Site "?"]
[Date "2012.06.19"]
[Round "4"]
[White "Oms Pallisse, J."]
[Black "Aloma Vidal, R."]
[Result "1-0"]
[WhiteElo "2461"]
[BlackElo "2400"]
[PlyCount "57"]
[EventDate "2012.??.??"]
[EventType "swiss"]
[EventRounds "9"]

1. d4 Nf6 2. c4 g6 3. Nc3 Bg7 4. e4 d6 5. Be2 O-O 6. Nf3 e5 7. O-O Nc6 8. Be3
Ng4 9. Bg5 f6 10. Bc1 exd4 11. Nxd4 Nxd4 12. Qxd4 f5 13. Qd5+ Rf7 14. c5 Qh4
15. Bf4 Nf6 16. Qd2 fxe4 17. cxd6 cxd6 18. Bg3 e3 19. fxe3 Qg5 20. Bf4 Qa5 21.
Qxd6 Ne8 22. Qd2 Be6 23. Rad1 Rc8 24. Bf3 Bxc3 25. bxc3 Qxa2 26. Qd4 Qa3 27.
Be5 Rd7 28. Qxd7 Qc5 29. Qd4 1-0

[Event "Balaguer op"]
[Site "?"]
[Date "2012.06.19"]
[Round "4"]
[White "Paul Cava, J."]
[Black "Monfa Escola, R."]
[Result "0-1"]
[WhiteElo "1722"]
[BlackElo "1837"]
[PlyCount "62"]
[EventDate "2012.??.??"]
[EventType "swiss"]
[EventRounds "9"]

1. d4 d6 2. e4 Nf6 3. Bd3 g6 4. f4 c5 5. d5 c4 6. Bxc4 Nxe4 7. Nd2 Nf6 8. Ngf3
Qb6 9. Qe2 Bg7 10. c3 O-O 11. Nd4 Nbd7 12. N2f3 Qc7 13. Nb5 Qd8 14. Be3 a6 15.
Na3 b5 16. Bb3 Bb7 17. Qd3 Nc5 18. Bxc5 dxc5 19. Bc2 c4 20. Qd2 Nxd5 21. f5 b4
22. Nb1 bxc3 23. Nxc3 Nxc3 24. bxc3 Qa5 25. O-O Bxc3 26. Qd7 Bxf3 27. Rxf3 Bxa1
28. fxg6 hxg6 29. Bxg6 Qb6+ 30. Kh1 fxg6 31. Qd5+ e6 0-1

[Event "Balaguer op"]
[Site "?"]
[Date "2012.06.19"]
[Round "4"]
[White "Pera Lucas, E."]
[Black "Monell Camarasa, D."]
[Result "0-1"]
[WhiteElo "1984"]
[BlackElo "2254"]
[PlyCount "72"]
[EventDate "2012.??.??"]
[EventType "swiss"]
[EventRounds "9"]

1. e4 d5 2. exd5 Qxd5 3. Nc3 Qd8 4. Bc4 Nf6 5. Nf3 Bf5 6. Ne5 e6 7. Qf3 Qd4 8.
Nxf7 Kxf7 9. d3 Qe5+ 10. Be3 c6 11. d4 Qa5 12. Bd2 Bb4 13. a3 Bg4 14. Qe3 Re8
15. f4 Bf5 16. O-O Bxc3 17. Bxc3 Qc7 18. h3 h5 19. Rae1 Nbd7 20. Qg3 Nb6 21.
Bb3 Nbd5 22. Re5 Rh8 23. Be1 b5 24. Qf3 h4 25. Bf2 Rh6 26. c3 Rah8 27. Be1 Rg6
28. Kh2 Qd6 29. Bf2 Nd7 30. Be1 Nxe5 31. fxe5 Qe7 32. Bc2 Qg5 33. Rf2 Qg3+ 34.
Kh1 Qxf3 35. Rxf3 Ne7 36. Bb3 Ke8 0-1